| 000 | 00586nam a22001217a 4500 | ||
|---|---|---|---|
| 040 | _cHS | ||
| 082 | _a305 | ||
| 110 | _aគំរោងបញ្ជ្រាបយេនឌ័រ | ||
| 245 | _aវិធីសាស្ត្រ PGM ក្នុងការបង្កើនសមត្ថភាពដើម្បីរៀបចំគោលនយោបាយតាមវិស័យដែលឆ្លើយតបនឹងតម្រូវការយេនឌ័រ | ||
| 260 |
_aCambodia _bគំរោងបញ្ជ្រាបយេនឌ័រ _c2007 |
||
| 300 | _a115p; | ||
| 942 | _cEK | ||
| 999 |
_c9936 _d9936 |
||